Southville International School and Colleges
Your cart is empty.
  • Cart
  • Lists
    Public lists Eva Luna New books Lux_list list_1
    Your lists Log in to create your own lists
  • Log in to your account
  • Your cookies
  • Search history
Southville International School and Colleges
  • Advanced search
  • Recent comments
  • Most popular
  • Libraries

Log in to your account

Log in with GOOGLE


If you do not have an external account, but do have a local account, you can still log in:

  1. Home
  2. MARC view: Introduction to COBOL /
Normal view MARC view ISBD view

Introduction to COBOL / (Record no. 283989)

[ view plain ]
MARC details
000 -LEADER
fixed length control field 00805cam a2200253 a 4500
001 - CONTROL NUMBER
control field 1356507
003 - CONTROL NUMBER IDENTIFIER
control field PILC
005 - DATE AND TIME OF LATEST TRANSACTION
control field 20150515105450.0
008 - FIXED-LENGTH DATA ELEMENTS--GENERAL INFORMATION
fixed length control field 820130s1982 txua 001 0 eng
010 ## - LIBRARY OF CONGRESS CONTROL NUMBER
LC control number 80070654
020 ## - INTERNATIONAL STANDARD BOOK NUMBER
International Standard Book Number 0256022879
040 ## - CATALOGING SOURCE
Original cataloging agency DLC
Transcribing agency DLC
Modifying agency DLC
050 10 - LIBRARY OF CONGRESS CALL NUMBER
Classification number QA 76.73.C25
Item number .B718 1982
082 00 - DEWEY DECIMAL CLASSIFICATION NUMBER
Classification number 001.64/24
100 1# - MAIN ENTRY--PERSONAL NAME
Personal name Bonno, John A.
245 10 - TITLE STATEMENT
Title Introduction to COBOL /
Statement of responsibility, etc John A. Bonno, Kent T. Fields.
260 ## - PUBLICATION, DISTRIBUTION, ETC. (IMPRINT)
Place of publication, distribution, etc Plano, Texas :
Name of publisher, distributor, etc Business Publications, Inc. ;
Place of publication, distribution, etc Georgetown, Ontario :
Name of publisher, distributor, etc Irwin-Dorsey Limited,
Date of publication, distribution, etc 1982.
300 ## - PHYSICAL DESCRIPTION
Extent x, 497 pages :
Other physical details illustrations ;
Dimensions 24 cm.
500 ## - GENERAL NOTE
General note Includes index.
650 #0 - SUBJECT ADDED ENTRY--TOPICAL TERM
Topical term or geographic name as entry element COBOL (Computer program language).
700 1# - ADDED ENTRY--PERSONAL NAME
Personal name Fields, Kent T.
906 ## - LOCAL DATA ELEMENT F, LDF (RLIN)
a 7
b cbc
c orignew
d 2
e opcn
f 19
g y-gencatlg
942 ## - ADDED ENTRY ELEMENTS (KOHA)
Source of classification or shelving scheme Library of Congress Classification
Koha item type Books
Call number prefix Foreign
Holdings
Withdrawn status Lost status Source of classification or shelving scheme Damaged status Home library Current library Shelving location Date acquired Source of acquisition Total Checkouts Full call number Barcode Date last seen Price effective from Koha item type
    Library of Congress Classification   Archives Archives   05/15/2015 Donation   QA 76.73.C25 .B718 1982 C19293 05/15/2018 05/15/2015 Books

Introduction to COBOL /

APA

Bonno J. A., Fields K. T., . (1982). Introduction to COBOL. Plano, Texas: Business Publications, Inc.

Chicago

Bonno John A, Fields Kent T, . 1982. Introduction to COBOL. Plano, Texas: Business Publications, Inc.

Harvard

Bonno J. A., Fields K. T., . (1982). Introduction to COBOL. Plano, Texas: Business Publications, Inc.

MLA

Bonno John A, Fields Kent T, . Introduction to COBOL. Plano, Texas: Business Publications, Inc. 1982.

  • Place hold
  • Print
  • Cite
  • Add to your cart (remove)
  • Save record
    BIBTEX Dublin Core MARCXML MARC (non-Unicode/MARC-8) MARC (Unicode/UTF-8) MARC (Unicode/UTF-8, Standard) MODS (XML) RIS
  • More searches
    Search for this title in:
    Other Libraries (WorldCat) Other Databases (Google Scholar) Online Stores (Bookfinder.com) Open Library (openlibrary.org)

Exporting to Dublin Core...

SOUTHVILLE LIBRARY

Southville International School and Colleges Library

1281 Tropical Ave. Cor. Luxembourg St., BF Homes International, Las Pinas City

Tel. No. 8256374 / 252358 Loc. 117/146

Powered by Koha